Greek gods part 1 (hard) - Statistics

General Stats
  • This quiz has been taken 289 times
  • The average score is 11 of 15
Answer Stats
Hint Answer % Correct
queen of the underworld Persephone
92%
the youngest of his godly siblings Zeus
89%
Leto's daughter Artemis
84%
had a son with two fish tails Poseidon
84%
this god killed a giant python Apollo
83%
a war god that invented the olive tree Athena
82%
was beautiful...like a COW Hera
80%
stole from Apollo while he was just a baby Hermes
80%
her daughter meant the world to her: she nearly destroyed it Demeter
77%
more cows, this titan god owned the oxen of the sun Helios
77%
The youngest titan Kronos
70%
The first godess Hestia
69%
dark, gloomy, and possibly invisible Hades
68%
Got her kids to murder her husband Gaea
38%
Gaia's wife Ouranos
34%
No matching quizzes found
Score Distribution
Percent of People with Each Score
Percentile by Number Answered
Your Score History
You have not taken this quiz